00567 2200205 4500001002100000005001500021008004100036020001800077035001900095041000700114082001200121090001800133100001700151700001600168700002300184245007300207260003300280300003300313650001500346INLIS00000000000534520241224113101241224||||||||| | ||| |||| || |  a979-730-755-7 0010-1224005345 aid0 a297,246 a297.246 ASE N0 aU. Syahbudin0 aA. Setiawan0 aMaman Abd. Djaliel00aNabi Daud A.S: Suaranya Sangat Merdu Tangannya Mampu Melunakkan Besi aBandungbPustaka Setiac2008 a26,5x19 cm, 146 hlm.; ilus.: 0aIlmu Agama